[Event "World School-ch U13"]
[Site "Antalya"]
[Date "2019.04.25"]
[Round "8"]
[White "Kayrak, Murat"]
[Black "Bekbauov, Noel"]
[Result "1/2-1/2"]
[WhiteElo "1628"]
[BlackElo "1476"]
[PlyCount "41"]
[EventDate "2019.04.18"]
[EventType "swiss"]
[EventRounds "9"]
[EventCountry "TUR"]
[SourceTitle "CBM 190 Extra"]
[Source "ChessBase"]
[SourceDate "2019.07.15"]
[SourceVersion "1"]
[SourceVersionDate "2019.07.15"]
[SourceQuality "1"]

1. d4 d5 2. c4 c6 3. Nc3 Nf6 4. Nf3 e6 5. cxd5 cxd5 6. Bg5 Be7 7. e3 0-0 8. Bd3 Nbd7 9. Qc2 h6 10. Bh4 b6 11. 0-0 Bb7 12. Rac1 Rc8 13. Qb3 Ne4 14. Bxe7 Qxe7 15. Rc2 Nxc3 16. bxc3 Rc7 17. Rfc1 Rfc8 18. c4 dxc4 19. Rxc4 Bd5 20. Rxc7 Rxc7 21. Bc4 1/2-1/2

[Event "World School-ch U13"]
[Site "Antalya"]
[Date "2019.04.18"]
[Round "1"]
[White "Amilal, Munkhdalai"]
[Black "Kayrak, Murat"]
[Result "0-1"]
[WhiteElo "2042"]
[BlackElo "1628"]
[PlyCount "108"]
[EventDate "2019.04.18"]
[EventType "swiss"]
[EventRounds "9"]
[EventCountry "TUR"]
[SourceTitle "CBM 190 Extra"]
[Source "ChessBase"]
[SourceDate "2019.07.15"]
[SourceVersion "1"]
[SourceVersionDate "2019.07.15"]
[SourceQuality "1"]

1. e4 e6 2. d4 d5 3. Nd2 Nf6 4. e5 Nfd7 5. f4 c5 6. c3 Nc6 7. Ndf3 b6 8. Bd3 Be7 9. Ne2 f5 10. h3 h5 11. g3 cxd4 12. cxd4 Nb4 13. Bb1 Ba6 14. Kf2 Rc8 15. a3 Nc6 16. b4 Bc4 17. g4 g6 18. gxf5 Bh4+ 19. Ke3 gxf5 20. Bd2 Nf8 21. Rg1 Kf7 22. Bc2 Ng6 23. Qb1 Nce7 24. Qb2 Qc7 25. Rac1 Rhg8 26. Ba4 Qb7 27. Be1 Bxe1 28. Ng5+ Kg7 29. Nxe6+ Kh6 30. Rcxe1 Qa6 31. Bd1 Rc6 32. Ng5 h4 33. a4 b5 34. a5 Rgc8 35. Nc1 Rg8 36. Bc2 Qc8 37. Nd3 Bxd3 38. Bxd3 Qb7 39. Nf3 Kg7 40. Nxh4 Rh8 41. Nxf5+ Kf8 42. Rg3 Qd7 43. Nxe7 Nxe7 44. Qd2 Rxh3 45. Reg1 Nf5+ 46. Bxf5 Qxf5 47. Qd3 Qg4 48. Rxh3 Qxh3+ 49. Ke2 Qh2+ 50. Kf3 Qxg1 51. Qf5+ Ke8 52. Qh5+ Qg6 53. Qh8+ Kf7 54. e6+ Rxe6 0-1